00845nam a2200205 i 4500001000300000245014700003260004800150300006900198504004000267650003200307650003100339650003000370700003000400020001500430040000800445041001300453080003400466008004100500856009800541bg70aKoncepcja ochrony krajobrazu w województwie konińskim /cEwa Gacka-Grzesikiewicz [i in.] ; Instytut Gospodarki Przestrzennej i Komunalnej. aWarszawa :bWydawnictwa Geologiczne,c1990. a203, [1] s., [2] s. mapy :bfot., 2 pl., rys., 1 wykr. ;c25 cm. aBibliogr. s. 187-200. - Rez., summ. 9aKonin, okręgxfizjografia 9aKrajobrazxochronazPolska 9aPrzyrodaxochronazPolska1 aGACKA-GRZESIKIEWICZ, Ewa. a8385002510 cBPK0 aplbruen a502.3/.7+719:914.38::911.2A/Z s pl f |000 0 pol  uhttp://koha.tu.koszalin.pl/cgi-bin/koha/opac-detail.pl?biblionumber=29450yKatalog online BPK